000 00721nam a22002417a 4500
005 20220329141256.0
008 971010s1984 r 00010 d
010 _a65594
011 _a66566
035 _a74930
082 _a633.2
_bV3
100 0 0 _aTaiton, N. M.
_9111368
245 _aVeld and pasture management in South Africa
260 _aPietermaritzbung :
_bUniversity of Natal,
_c[1984?]
300 _a481 p.
_b: ilus
500 _a1992/13
590 _aBATCH-UPD
_b10
_c20130110
_lUCH01
_h1856
590 _aCONVERSION
_b10
_c20130109
_lUCH01
_h1336
650 1 4 _aPastizales
_xManejo.
_985944
650 1 4 _aPastos
_xAfrica.
_985987
901 _aBK
949 _a633.2 V3
_bZ
_cLIBRO
_d-7840
_eLIBRO
_h1053
_i74930
_si
999 _c65594
_d65594